Enclaves and Exclaves Quiz (Expanded) - Statistics

General Stats
  • This quiz has been taken 47 times
  • The average score is 7 of 15
Answer Stats
Type Area (km^2) Name Country % Correct
Exclave 12.84 Llívia Spain
83%
Exclave ~37; ~22 Nakichivan and Yukhari Askipara and Barkhudarli Azerbaijan
73%
Exclave 12.117 Mützenich Germany
65%
Enclave 30,355 ——— Lesotho
65%
Exclave ~40 Artsvashen Armenia
53%
Exclave 220 Torres Strait Islands Australia
50%
Enclave 61.2 ——- San Marino
48%
Exclave 25.95 Dahagram-Angarpota Bangladesh
43%
Exclave 320; 36 Apipe Islands and Isla Entre Rios Argentina
40%
Exclave ~75 Madha Oman
35%
Exclave 234; 38.2 Sokh and Shakhimardan Uzbekistan
28%
Exclave 3,577; 2,500 Quitasueño and Serrana Colombia
25%
Exclave 96.7 Vorukh Tajikistan
25%
Exclave 130; 101.4 Likoma and Chizumulu Islands Malawi
15%
Exclave 23 Filomena Islands Uruguay
5%
No matching quizzes found
Score Distribution
Percent of People with Each Score
Percentile by Number Answered
Your Score History
You have not taken this quiz